<?xml version="1.0" encoding="UTF-8"?>
<record
    xmlns:xsi="http://www.w3.org/2001/XMLSchema-instance"
    xsi:schemaLocation="http://www.loc.gov/MARC21/slim http://www.loc.gov/standards/marcxml/schema/MARC21slim.xsd"
    xmlns="http://www.loc.gov/MARC21/slim">

  <leader>01688nam a22002897a 4500</leader>
  <controlfield tag="001">9274</controlfield>
  <controlfield tag="003">FISKH</controlfield>
  <controlfield tag="005">20251209082315.0</controlfield>
  <controlfield tag="008">251209b        cb ||||| |||| 00| 0 eng d</controlfield>
  <datafield tag="040" ind1=" " ind2=" ">
    <subfield code="a">FISKH</subfield>
    <subfield code="b">khr</subfield>
    <subfield code="c">FISKH</subfield>
    <subfield code="d">FISKH</subfield>
  </datafield>
  <datafield tag="050" ind1=" " ind2=" ">
    <subfield code="a">PZ7</subfield>
  </datafield>
  <datafield tag="082" ind1=" " ind2=" ">
    <subfield code="a">510.71</subfield>
  </datafield>
  <datafield tag="100" ind1=" " ind2=" ">
    <subfield code="a">Arnaron, Kim</subfield>
  </datafield>
  <datafield tag="245" ind1=" " ind2=" ">
    <subfield code="a">&#x1780;&#x17C6;&#x1796;&#x17BC;&#x179B;&#x179C;&#x17B7;&#x179F;&#x17B6;&#x179B; /</subfield>
    <subfield code="c">&#x1793;&#x17B7;&#x1796;&#x1793;&#x17D2;&#x1792;&#x178A;&#x17C4;&#x1799; &#x1782;&#x17B9;&#x1798; &#x17A2;&#x17B6;&#x1793; &#x17A2;&#x179A;&#x17BB;&#x178E; , &#x1782;&#x17BC;&#x179A;&#x179A;&#x17BC;&#x1794;&#x178A;&#x17C4;&#x1799; &#x179F;&#x17C1;&#x1784;&#x200B;&#x179C;&#x17B7;&#x179F;&#x17B6;&#x179B;&#x200B;</subfield>
  </datafield>
  <datafield tag="260" ind1=" " ind2=" ">
    <subfield code="a">&#x1797;&#x17D2;&#x1793;&#x17C6;&#x1796;&#x17C1;&#x1789; :</subfield>
  </datafield>
  <datafield tag="300" ind1=" " ind2=" ">
    <subfield code="a">37 pages : </subfield>
    <subfield code="b">color illustrations ; </subfield>
    <subfield code="c">24 cm . </subfield>
  </datafield>
  <datafield tag="505" ind1=" " ind2=" ">
    <subfield code="a">P 
</subfield>
  </datafield>
  <datafield tag="520" ind1=" " ind2=" ">
    <subfield code="a"> &#x179C;&#x17B7;&#x179F;&#x17B6;&#x179B; &#x1780;&#x17C6;&#x1796;&#x17BC;&#x179B;&#x178A;&#x17C3;&#x1797;&#x17D2;&#x179B;&#x17BE;&#x1784;&#x1787;&#x17BE;&#x1784;&#x1798;&#x17B6;&#x1793;&#x17CB; &#x179F;&#x1798;&#x17D2;&#x1794;&#x17BC;&#x179A;&#x1782;&#x17C6;&#x1793;&#x17B7;&#x178F;&#x1794;&#x17D2;&#x179B;&#x17C2;&#x1780;&#x17D7;&#x17D4; &#x178F;&#x17C2;&#x1782;&#x17C1;&#x1780;&#x17CF;&#x178F;&#x17D2;&#x179A;&#x17BC;&#x179C;&#x1799;&#x17B6;&#x1799;&#x179F;&#x17D2;&#x178A;&#x17B8;&#x17B3;&#x17D2;&#x1799;&#x1782;&#x17D2;&#x1798;&#x17B6;&#x1793;&#x179B;&#x17C4;&#x17C7;&#x1790;&#x17D2;&#x1784;&#x17C3;&#x178A;&#x17C2;&#x179A; &#x1796;&#x17D2;&#x179A;&#x17C4;&#x17C7;&#x1794;&#x17C6;&#x178E;&#x1784;&#x179B;&#x17D2;&#x17A2;&#x179A;&#x1794;&#x179F;&#x17CB;&#x1782;&#x17C1;&#x178F;&#x17C2;&#x1784;&#x1792;&#x17D2;&#x179C;&#x17BE;&#x17B3;&#x17D2;&#x1799;&#x1799;&#x17B6;&#x1799;&#x1788;&#x17BA;&#x1780;&#x17D2;&#x1794;&#x17B6;&#x179B;&#x1787;&#x17B6;&#x1793;&#x17B7;&#x1785;&#x17D2;&#x1785;&#x17D4; &#x178A;&#x17BE;&#x1798;&#x17D2;&#x1794;&#x17B8;&#x17B3;&#x17D2;&#x1799;&#x1799;&#x17B6;&#x1799;&#x179F;&#x17D2;&#x179A;&#x179B;&#x17B6;&#x1789;&#x17CB;&#x179C;&#x17B7;&#x179F;&#x17B6;&#x179B;&#x1794;&#x17B6;&#x1793;&#x1794;&#x178F;&#x17CB;&#x179F;&#x178F;&#x17D2;&#x179C;&#x1780;&#x17D2;&#x179A;&#x17C0;&#x179B;&#x1792;&#x17D2;&#x179C;&#x17BE;&#x1787;&#x17B6;&#x1780;&#x17B6;&#x17C6;&#x1787;&#x17D2;&#x179A;&#x17BD;&#x1785;&#x17A2;&#x17C4;&#x1799;&#x1799;&#x17B6;&#x1799;&#x17D4;</subfield>
  </datafield>
  <datafield tag="520" ind1=" " ind2=" ">
    <subfield code="a"> Visal is the all thumb child who full of strange ideas. His grandmother always blame him, because his good intentions always give her a headache. To get a love from her, Visal turned the crane paper into a fireworks.</subfield>
  </datafield>
  <datafield tag="521" ind1="8" ind2=" ">
    <subfield code="a">650 
</subfield>
    <subfield code="b">Lexile 
</subfield>
  </datafield>
  <datafield tag="521" ind1="8" ind2=" ">
    <subfield code="a">P 
</subfield>
    <subfield code="b">Raz-Plus 
</subfield>
  </datafield>
  <datafield tag="650" ind1=" " ind2=" ">
    <subfield code="a">&#x1780;&#x17C6;&#x1796;&#x17BC;&#x179B;&#x179C;&#x17B7;&#x179F;&#x17B6;&#x179B;</subfield>
    <subfield code="v">&#x179A;&#x17BF;&#x1784;&#x1793;&#x17B7;&#x1791;&#x17B6;&#x1793;&#x1780;&#x17BB;&#x1798;&#x17B6;&#x179A;</subfield>
  </datafield>
  <datafield tag="650" ind1=" " ind2=" ">
    <subfield code="a">Kom pol Visal</subfield>
    <subfield code="v">Children's Stories </subfield>
  </datafield>
  <datafield tag="700" ind1=" " ind2=" ">
    <subfield code="a">Visal , Seng</subfield>
    <subfield code="e">Illustrator </subfield>
  </datafield>
  <datafield tag="942" ind1=" " ind2=" ">
    <subfield code="2">ddc</subfield>
    <subfield code="c">KHB</subfield>
    <subfield code="n">0</subfield>
  </datafield>
  <datafield tag="999" ind1=" " ind2=" ">
    <subfield code="c">9274</subfield>
    <subfield code="d">9274</subfield>
  </datafield>
  <datafield tag="952" ind1=" " ind2=" ">
    <subfield code="0">0</subfield>
    <subfield code="1">0</subfield>
    <subfield code="2">ddc</subfield>
    <subfield code="4">0</subfield>
    <subfield code="7">0</subfield>
    <subfield code="8">KH</subfield>
    <subfield code="a">002</subfield>
    <subfield code="b">002</subfield>
    <subfield code="c">TTP Khmer</subfield>
    <subfield code="d">2025-12-09</subfield>
    <subfield code="l">0</subfield>
    <subfield code="o">ARN PZ7 510.71</subfield>
    <subfield code="p">2025-5088</subfield>
    <subfield code="r">2025-12-09 08:20:07</subfield>
    <subfield code="w">2025-12-09</subfield>
    <subfield code="y">KHB</subfield>
  </datafield>
</record>
